000 00631nam a2200181Ia 4500
008 100921s9999 xx 000 0 und d
082 _b17756
_a891.463 थ 82
100 _aमराठे प्रभाकर द.
245 _aऎसे अरूपाचे रूप.
260 _bस्मिता प्रकाशन, पुणे.
_c1982
300 _a144
_b---
365 _b20
520 _aललित-कादंबरी.
630 _aऎसे अरूपाचे रूप.
650 _aललित-कादंबरी.
730 _aऎसे अरूपाचे रूप.
942 _cBOOK
999 _c766869
_d766866